Sports Quiz

Random Sports Quiz

1979 Daytona 500 Entants Quiz Stats

Quiz not verified by Sporcle

Challenge
Share
Tweet
Embed
Score 0/59 Timer 06:00
0 Plays Today
Car No. Driver % Correct
2Dale Earnhardt
92%
11Cale Yarborough
92%
1Donnie Allison
88%
15Bobby Allison
88%
43Richard Petty
88%
88Darrell Waltrip
84%
51A.J. Foyt
80%
21David Pearson
76%
28Buddy Baker
76%
9Bill Elliott
68%
27Benny Parsons
68%
02Dave Marcis
64%
3Richard Childress
64%
5Neil Bonnett
64%
44Terry Labonte
64%
90Ricky Rudd
64%
12Harry Gant
60%
14Coo Coo Marlin
60%
24Cecil Gordon
52%
48James Hylton
48%
54Lennie Pond
44%
70J.D. McDuffie
44%
25Ronnie Thomas
40%
84Morgan Shepherd
40%
47Geoffery Bodine
36%
52Jimmy Means
36%
67Buddy Arrington
36%
98Ralph Jones
36%
05Dick Brooks
32%
30Tighe Scott
28%
Car No. Driver % Correct
40D.K. Ulrich
28%
49Bill Green
28%
72Joe Millikan
28%
74Bobby Wawak
28%
57Dick May
24%
68Chuck Bown
24%
0Roger Hamby
20%
64Tommy Gale
20%
17Skip Manning
16%
75Butch Mock
16%
79Frank Warren
16%
89Jim Vandiver
16%
39Blackie Wangerin
12%
50Bruce Hill
12%
00John Utsman
8%
04Jim Hurtubise
8%
19Bill Dennis
8%
41Grant Adcox
8%
45Ferrel Harris
8%
49Connie Saylor
8%
87Gary Balough
8%
6Claude Ballot-Lena
4%
10Bobby Ligarski
4%
31John Rezek
4%
34Nestor Peles
4%
37Dave Watson
4%
75Woody Fisher
4%
82Paul Fess
4%
96Jerry Jolly
4%

You're not logged in!

Compare scores with friends on all Sporcle quizzes.
Sign Up with Email
OR
Log In

You Might Also Like...

Show Comments

Extras

Top Quizzes Today


Score Distribution

Your Account Isn't Verified!

In order to create a playlist on Sporcle, you need to verify the email address you used during registration. Go to your Sporcle Settings to finish the process.